000 01611nam a2200445 i 4500
999 _c1063
_d1063
001 020389474
003 UkOxU
005 20200914165952.0
008 150728t20152014enk 000 1 eng d
020 _a9780007591374
_qset
020 _a9780007536726
_qDivergent
020 _a9780007536740
_qInsurgent
020 _a9780007538027
_qAllegiant
020 _a9780007584642
_qFour
020 _a9780007591374
_qWorld of divergent
040 _aUkOxU
_beng
_erda
_cUkOxU
082 _aFIC ROT
100 1 _aRoth, Veronica,
_eauthor.
240 1 0 _aWorks.
_kSelections
245 1 4 _aFour
_bThe Divergent series /
_cVeronica Roth.
264 1 _aLondon :
_bHarperCollins,
_c2015.
264 4 _c©2014
300 _a5 volumes ;
_c20 cm
336 _atext
_2rdacontent
337 _aunmediated
_2rdamedia
338 _avolume
_2rdacarrier
500 _aIn case.
500 _aTitle from case.
500 _aVolumes also issued separately.
500 _aDivergent originally published: 2011. Insurgent originally published: 2012. Allegiant originally published: 2013. Four : a divergent collection originally published: 2014. World of divergent originally published: 2014.
505 0 _aDivergent -- Insurgent -- Allegiant -- Four : a divergent collection -- World of divergent.
650 0 _aDystopias
_vFiction.
650 0 _aYoung adult fiction, American.
700 1 2 _aRoth, Veronica.
_tDivergent.
700 1 2 _aRoth, Veronica.
_tInsurgent.
700 1 2 _aRoth, Veronica.
_tAllegiant.
700 1 2 _aRoth, Veronica.
_tFour.
700 1 2 _aRoth, Veronica.
_tWorld of divergent.
942 _2ddc
_cFIC